000 00598nam a2200217Ia 4500
008 101110s9999 xx 000 0 und d
041 _aENGLISH
082 _bSR26103
100 _aDeshpande V.N., Bhole K.G. & Balasubramanian V.
245 _aElectronic intrumentation (TYBSc), Vol.II
260 _c2001
_bSheth Prakashan, Mumbai
300 _a154
365 _b60
520 _aPhysics
546 _aENGLISH
630 _aElectronic intrumentation (TYBSc), Vol.II
650 _aPhysics
655 _aPhysics
730 _aElectronic intrumentation (TYBSc), Vol.II
942 _cBOOK
999 _c818708
_d818705